| 000 | 01061cam a2200229 4500 | ||
|---|---|---|---|
| 001 | WB3722-13 | ||
| 008 | 000000n2001 000 0 eng u | ||
| 035 | _a(Sirsi) u112998 | ||
| 245 | _aRight of pre-emption | ||
| 260 | _c2001 | ||
| 490 |
_aEstates Gazette _v[2001] EG 22 153 (CS) |
||
| 520 | _a"Bircham & Co Nominees (No 2) Ltd and another v Worrell Holdings Ltd" CA 22 May 2001. Tenant informing landlord of intention to sell remaining leasehold in residential property. Lease containing right of pre-emption in favour of the landlord. Tenant later withdrew offer to sell. Landlord sought specific performance, and to enforce a contract of sale. Claimant landlord appealed. Held, appeal dismissed. | ||
| 590 | _aWB | ||
| 650 | _aRIGHT OF PRE-EMPTION | ||
| 650 | _aLAW OF PROPERTY (MISCELLANEOUS PROVISIONS) ACT 1989 | ||
| 650 | _aOFFER | ||
| 650 | _aACCEPTANCE | ||
| 650 | _aBIRCHAM AND CO NOMINEES (NO 2) LTD AND ANOTHER V WORRELL HOLDINGS LTD | ||
| 650 | _aLEASEHOLD INTEREST | ||
| 690 | _aLANDLORD AND TENANT-LEASES-CASE LAW | ||
| 942 | _n0 | ||
| 999 |
_c67259 _d67259 |
||